000 00546nam a2200193 a 4500
001 17324
003 CO-ViMGA
008 141112s2004 ck r 000 u spa d
020 _a9589401643
040 _aCO-ViMGA
_bspa
_cCO-ViMGA
082 0 4 _a796.8152 F715r
100 1 _aFranco Gaviria, Luis Horacio
_924648
245 1 0 _aJudo básico . De la iniciación al combate
260 _aArmenia (Colombia),
_cKinesis,
_c2002
300 _a173.p.
590 _aForma de adquisición : Premio - Mincultura
650 1 4 _aJUDO
_920256
942 _2ddc
_cBK
999 _c26887
_d26887